000 00293nam a2200109Ia 4500
008 200302s9999 xx 000 0 und d
100 _aChristopher Cuttle
245 _aLighting Design A perception-based approach
260 _bRoutledge Taylor and Francis Group
260 _c2015
300 _a136
999 _c6166
_d6166